00383 2200157 4500001002100000005001500021035002000036245002200056100001400078300003000092260004700122082000800169084001400177020002200191990001200213INLIS00000000000317620251127093821 a0010-11250000371 aRasa /cTere Liye0 aTere Liye a421 hlm ;c13,5 x 19,5 cm aJakarta :bPT. Sabak Grip Nusantara,c2022 a813 a813 TER r a978-623-97262-3-2 a0754561